[Event "For those of us in need of yet more practise..."]
[Site "SchemingMind.com"]
[Date "2007.07.08"]
[Round "-"]
[White "loulou19"]
[Black "Hexsaw"]
[Result "1-0"]
[WhiteCountry "GBR"]
[BlackCountry "ENG"]
[WhiteElo "1515"]
[WhiteRD "69"]
[BlackElo "1332"]
[BlackRD "74"]
[GameID "111898"]

1. d4 Nf6 2. Nf3 d5 3. Bg5 h6 4. Bxf6 gxf6 5. e3 Nc6 6. Bb5 Bd7 7. O-O e5 8. dxe5 fxe5 9. Nc3 d4 10. exd4 a6
11. Ba4 Bg7 12. Re1 O-O 13. dxe5 Re8 14. h3 f6 15. exf6 Qxf6 16. Nd5 Qd6 17. c4 Bxb2 18. Rb1 Ba3 19. Rxb7 Qc5 20. Nxc7 Qxc4
21. Bb3 Na5 22. Bxc4+ Nxc4 23. Nxa8 Rxa8 24. Qxd7
1-0

[Event "For those of us in need of yet more practise..."]
[Site "SchemingMind.com"]
[Date "2007.07.08"]
[Round "-"]
[White "Hexsaw"]
[Black "loulou19"]
[Result "0-1"]
[WhiteCountry "ENG"]
[BlackCountry "GBR"]
[WhiteElo "1268"]
[WhiteRD "78"]
[BlackElo "1503"]
[BlackRD "76"]
[GameID "111899"]

1. c4 g6 2. Nf3 Nf6 3. d4 Bg7 4. Nc3 d5 5. e3 O-O 6. c5 c6 7. Be2 Na6 8. Ne5 Ne4 9. O-O Nxc3 10. bxc3 f6
11. Nd3 b5 12. a4 Nc7 13. Ba3 e5 14. dxe5 fxe5 15. f4 e4 16. Ne5 Bxe5 17. fxe5 Bf5 18. Qe1 Qe8 19. g4 Be6 20. h4 bxa4
21. Rb1 Nb5 22. Qc1 Qd8 23. g5 Bh3 24. Rxf8+ Qxf8 25. Bxb5 cxb5 26. Rxb5 Qf3 27. Qc2 Rf8 28. c6 Qf1+ 29. Kh2 Qxb5 30. Kxh3 Rf3+
31. Kg4 Qxc6
0-1

[Event "For those of us in need of yet more practise..."]
[Site "SchemingMind.com"]
[Date "2007.07.11"]
[Round "-"]
[White "randy"]
[Black "loulou19"]
[Result "0-1"]
[WhiteCountry "IND"]
[BlackCountry "GBR"]
[WhiteElo "1249"]
[WhiteRD "89"]
[BlackElo "1510"]
[BlackRD "74"]
[GameID "112450"]

1. e4 e5 2. Nf3 Nc6 3. Bb5 a6 4. Ba4 Nf6 5. a3 Be7 6. d3 O-O 7. Nc3 b5 8. Bb3 Bb7 9. Bg5 h6 10. Bh4 d6
11. Qd2 Nd4 12. Nxd4 Re8 13. O-O-O exd4 14. Ne2 c5 15. Bxf6 Bxf6 16. f4 a5 17. g4 d5
0-1

[Event "For those of us in need of yet more practise..."]
[Site "SchemingMind.com"]
[Date "2007.07.11"]
[Round "-"]
[White "loulou19"]
[Black "randy"]
[Result "1-0"]
[WhiteCountry "GBR"]
[BlackCountry "IND"]
[WhiteElo "1514"]
[WhiteRD "67"]
[BlackElo "1322"]
[BlackRD "88"]
[GameID "112452"]

1. e4 e5 2. Nc3 Nf6 3. Bc4 Bc5 4. Qf3 d6 5. Nge2 Bg4 6. Qg3 Nc6 7. h3 Bxe2 8. Nxe2 g6 9. d3 Qd7 10. O-O O-O-O
11. Bg5 Qe7 12. Qf3
1-0

[Event "For those of us in need of yet more practise..."]
[Site "SchemingMind.com"]
[Date "2007.07.11"]
[Round "-"]
[White "Queeny"]
[Black "Hexsaw"]
[Result "1-0"]
[WhiteCountry "ENG"]
[BlackCountry "ENG"]
[WhiteElo "1477"]
[WhiteRD "69"]
[BlackElo "1332"]
[BlackRD "74"]
[GameID "112554"]

1. e4 c5 2. c4 Nc6 3. Nc3 d6 4. Qf3 Nf6 5. d3 e5 6. Be2 Be7 7. Be3 O-O 8. h3 Nd4 9. Qg3 Nc2+ 10. Kd1 Nxa1
11. Nf3 b6 12. Kd2 d5 13. cxd5 Ba6 14. Nxe5 Bd6 15. h4 Re8 16. Bh6 g6 17. f4 Rb8 18. h5 b5 19. hxg6 Bxe5 20. gxh7+ Kxh7
21. Qg7#
1-0

[Event "For those of us in need of yet more practise..."]
[Site "SchemingMind.com"]
[Date "2007.07.12"]
[Round "-"]
[White "Queeny"]
[Black "randy"]
[Result "1-0"]
[WhiteCountry "ENG"]
[BlackCountry "IND"]
[WhiteElo "1408"]
[WhiteRD "80"]
[BlackElo "1322"]
[BlackRD "88"]
[GameID "112555"]

1. e4 e5 2. Nf3 Nc6 3. d4 exd4 4. Nxd4 Nxd4 5. Qxd4 Nf6 6. Bd2 d5 7. e5 Ne4 8. Nc3 Nxc3 9. Bxc3 Bf5 10. Bd3 Bxd3
11. Qxd3 Qd7 12. O-O O-O-O 13. b4 h5 14. b5 Bc5 15. a4 b6 16. a5 Kb7 17. Bd4 Bxd4 18. Qxd4 Qxb5 19. Rfc1 g5 20. Rcb1 Qc6
21. Qe3 g4 22. Qa3 Kc8 23. axb6
1-0

[Event "For those of us in need of yet more practise..."]
[Site "SchemingMind.com"]
[Date "2007.07.11"]
[Round "-"]
[White "Queeny"]
[Black "loulou19"]
[Result "1-0"]
[WhiteCountry "ENG"]
[BlackCountry "GBR"]
[WhiteElo "1477"]
[WhiteRD "69"]
[BlackElo "1515"]
[BlackRD "69"]
[GameID "112556"]

1. e4 e5 2. Nf3 Nc6 3. d4 exd4 4. Nxd4 Bc5 5. Be3 Qf6 6. Nb5 Bxe3 7. Nxc7+ Kf8 8. fxe3 Rb8 9. c3 Qd8 10. Qd6+ Nce7
11. Nd5 Ra8 12. Nd2 Nf6 13. O-O-O Nxd5 14. exd5 Qb6 15. Qe5 d6 16. Qf4 Ng6 17. Qf2 Bg4 18. Be2 Bxe2 19. Qxe2 Ne7 20. Rhf1 f6
21. g4 Nxd5 22. Nc4 Qa6 23. Rxd5 Qxa2 24. Rxd6 Re8 25. Rfd1 Qa1+ 26. Kc2 Qa4+ 27. Kb1 Kf7 28. Qd3 Re7 29. g5 Re6 30. gxf6 Rxf6
31. Rd7+
1-0

[Event "For those of us in need of yet more practise..."]
[Site "SchemingMind.com"]
[Date "2007.07.11"]
[Round "-"]
[White "Hexsaw"]
[Black "Queeny"]
[Result "0-1"]
[WhiteCountry "ENG"]
[BlackCountry "ENG"]
[WhiteElo "1297"]
[WhiteRD "76"]
[BlackElo "1459"]
[BlackRD "70"]
[GameID "112557"]

1. e4 e5 2. Nf3 d6 3. Nc3 Bg4 4. Be2 Nf6 5. d3 Nc6 6. O-O Nd4 7. Bg5 Nxe2+ 8. Qxe2 Be7 9. Qe3 Qd7 10. Nd5 h6
11. Bh4 g5 12. Bg3 Nxd5 13. exd5 f5 14. d4 f4 15. Qe4 Bf5 16. Qe2 fxg3 17. fxg3 O-O-O 18. g4 Bxg4 19. c3 exd4 20. cxd4 h5
21. Rac1 Bf6 22. Qe4 h4 23. Rc3 Bf5 24. Qe2 c5 25. Qc4 Kb8 26. Ra3 Rc8 27. Rc1 cxd4 28. Qb4 Rxc1+ 29. Ne1 Rhc8 30. Kf2 g4
31. h3 gxh3 32. Qa5 a6 33. Kf3 Bg4+ 34. Kf2 h2
0-1

[Event "For those of us in need of yet more practise..."]
[Site "SchemingMind.com"]
[Date "2007.07.12"]
[Round "-"]
[White "randy"]
[Black "Queeny"]
[Result "0-1"]
[WhiteCountry "IND"]
[BlackCountry "ENG"]
[WhiteElo "1322"]
[WhiteRD "88"]
[BlackElo "1408"]
[BlackRD "80"]
[GameID "112558"]

1. e4 e5 2. Nf3 Nc6 3. Bb5 Nd4 4. Nxd4 exd4 5. d3 c6 6. Bc4 Bd6 7. Qf3 Nf6 8. Bf4 Qe7 9. Nd2 Bxf4 10. Qxf4 d5
11. Bb3 dxe4 12. Nxe4 Nd5 13. Qd2 O-O 14. O-O-O Bf5 15. Bxd5 cxd5 16. Ng3 Bd7 17. h4 b5 18. Rde1 Qd6 19. h5 h6 20. f4 a5
21. Ne2 b4 22. Reg1 a4 23. Nxd4 Qc5 24. Ne2 b3
0-1

[Event "For those of us in need of yet more practise..."]
[Site "SchemingMind.com"]
[Date "2007.07.11"]
[Round "-"]
[White "loulou19"]
[Black "Queeny"]
[Result "0-1"]
[WhiteCountry "GBR"]
[BlackCountry "ENG"]
[WhiteElo "1515"]
[WhiteRD "69"]
[BlackElo "1477"]
[BlackRD "69"]
[GameID "112559"]

1. e4 e5 2. Nf3 d6 3. d4 Bg4 4. dxe5 Bxf3 5. Qxf3 dxe5 6. Bc4 Nf6 7. Qb3 Qd4 8. Qxb7 Qxe4+ 9. Be3 Qxb7 10. O-O Qxb2
11. Nd2 Bb4 12. Rfc1 O-O 13. Bd5 Nxd5 14. Nc4 Qc3 15. Nd2 Nxe3 16. Ne4 Qc4 17. Ng3 Nc6 18. fxe3 Rad8
0-1

[Event "For those of us in need of yet more practise..."]
[Site "SchemingMind.com"]
[Date "2007.07.15"]
[Round "-"]
[White "iain"]
[Black "Hexsaw"]
[Result "1-0"]
[WhiteCountry "USA"]
[BlackCountry "ENG"]
[WhiteElo "1520"]
[WhiteRD "72"]
[BlackElo "1268"]
[BlackRD "78"]
[GameID "112706"]

1. d4 d5 2. c4 Nf6 3. Nc3 e6 4. Nf3 Nc6 5. e3 Bb4 6. Be2 O-O 7. a3 Bxc3+ 8. bxc3 Ne4 9. Qc2 b6 10. O-O Ba6
11. Bb2 Re8 12. cxd5 exd5 13. Bxa6 Qf6 14. Nd2 Na5 15. Nxe4 Qf5 16. Bd3 Nc4 17. h4 dxe4 18. Bxc4 g6 19. Qd2 Re7 20. Bb3 Rd8
21. Bc2 c5 22. f3 h5 23. Bxe4 Rxe4 24. fxe4 Qg4 25. Rf4 Qg3 26. Raf1 f5 27. exf5 gxf5 28. Rxf5 Qxh4 29. R1f4 Qe7 30. Rxh5 Rf8
31. Rg4+ Kf7 32. Rh7+
1-0

[Event "For those of us in need of yet more practise..."]
[Site "SchemingMind.com"]
[Date "2007.07.12"]
[Round "-"]
[White "iain"]
[Black "randy"]
[Result "1-0"]
[WhiteCountry "USA"]
[BlackCountry "IND"]
[WhiteElo "1470"]
[WhiteRD "74"]
[BlackElo "1262"]
[BlackRD "86"]
[GameID "112707"]

1. d4 d5 2. c4 dxc4 3. Nc3 Nf6 4. Nf3 Nc6 5. e4 Bg4 6. Bxc4 Qd7 7. O-O O-O-O 8. d5 Ne5 9. Be2 Bxf3 10. Bxf3 h5
11. Bf4
1-0

[Event "For those of us in need of yet more practise..."]
[Site "SchemingMind.com"]
[Date "2007.07.12"]
[Round "-"]
[White "iain"]
[Black "Queeny"]
[Result "1-0"]
[WhiteCountry "USA"]
[BlackCountry "ENG"]
[WhiteElo "1470"]
[WhiteRD "74"]
[BlackElo "1477"]
[BlackRD "69"]
[GameID "112708"]

1. d4 d5 2. c4 e6 3. Nc3 c5 4. e3 Nf6 5. Nf3 Nc6 6. Be2 cxd4 7. exd4 Bd6 8. O-O Ng4 9. g3 Qf6 10. cxd5 e5
11. dxc6 bxc6 12. d5 c5 13. Nb5 O-O 14. Nxd6 Qxd6 15. Ng5 h5 16. Ne4 Qg6 17. h3 Qxe4 18. hxg4 Bxg4 19. f3 Qd4+ 20. Qxd4
1-0

[Event "For those of us in need of yet more practise..."]
[Site "SchemingMind.com"]
[Date "2007.07.12"]
[Round "-"]
[White "iain"]
[Black "loulou19"]
[Result "0-1"]
[WhiteCountry "USA"]
[BlackCountry "GBR"]
[WhiteElo "1520"]
[WhiteRD "72"]
[BlackElo "1503"]
[BlackRD "76"]
[GameID "112709"]

1. d4 d5 2. c4 e6 3. Nc3 Be7 4. Nf3 Nf6 5. e3 c5 6. Be2 O-O 7. O-O Nc6 8. cxd5 exd5 9. dxc5 Bxc5 10. a3 Bd6
11. Nxd5 Nxd5 12. g3 h6 13. Qxd5 Be6 14. Qd1 Re8 15. b4 Qf6 16. Bd2 Ne5 17. Rc1 Bg4 18. Nh4 Bxe2 19. Qxe2 a6 20. Bc3 b5
21. Bb2 Qg5 22. Nf3 Qf5 23. Nxe5 Bxe5 24. Bxe5 Rxe5 25. f4 Ree8 26. Rfe1 Rac8 27. g4 Qe4 28. Rxc8 Rxc8 29. h4 Rc3 30. a4 bxa4
31. Qxa6 Rxe3 32. Qc8+ Kh7 33. Rxe3 Qxe3+
0-1

[Event "For those of us in need of yet more practise..."]
[Site "SchemingMind.com"]
[Date "2007.07.15"]
[Round "-"]
[White "Hexsaw"]
[Black "iain"]
[Result "0-1"]
[WhiteCountry "ENG"]
[BlackCountry "USA"]
[WhiteElo "1297"]
[WhiteRD "76"]
[BlackElo "1478"]
[BlackRD "74"]
[GameID "112710"]

1. c4 d6 2. d4 Nf6 3. Nd2 g6 4. Ngf3 Bg7 5. e3 O-O 6. e4 Re8 7. d5 c6 8. b3 cxd5 9. cxd5 e6 10. Nc4 exd5
11. Bg5 dxc4 12. Bxc4 Rxe4+ 13. Kd2 d5 14. Bd3 Re8 15. Re1 h6 16. Bh4 g5 17. Bg3 Nh5 18. Rc1 Qa5+ 19. Kc2 Qxa2#
0-1

[Event "For those of us in need of yet more practise..."]
[Site "SchemingMind.com"]
[Date "2007.07.13"]
[Round "-"]
[White "randy"]
[Black "iain"]
[Result "0-1"]
[WhiteCountry "IND"]
[BlackCountry "USA"]
[WhiteElo "1262"]
[WhiteRD "86"]
[BlackElo "1470"]
[BlackRD "74"]
[GameID "112711"]

1. e4 d6 2. d4 Nf6 3. Nc3 g6 4. Nf3 Bg7 5. e5 dxe5 6. Nxe5 O-O 7. Be3 Nd5 8. Qd2 Bf5 9. a3 Nxe3 10. fxe3 Nd7
0-1

[Event "For those of us in need of yet more practise..."]
[Site "SchemingMind.com"]
[Date "2007.07.13"]
[Round "-"]
[White "Queeny"]
[Black "iain"]
[Result "1-0"]
[WhiteCountry "ENG"]
[BlackCountry "USA"]
[WhiteElo "1459"]
[WhiteRD "70"]
[BlackElo "1478"]
[BlackRD "74"]
[GameID "112712"]

1. d4 d5 2. Nc3 Nf6 3. e3 g6 4. Bd3 Bg7 5. Qe2 O-O 6. e4 dxe4 7. Nxe4 Nbd7 8. Be3 Nb6 9. O-O-O Nbd5 10. Nxf6+ Bxf6
11. g4 Nxe3 12. fxe3 c6 13. h4 Bg7 14. g5 f6 15. h5 f5 16. hxg6 hxg6 17. Qh2 Kf7 18. Nf3 Be6 19. Ne5+ Ke8 20. Nxg6 Rg8
21. Qh7 Kd7 22. e4 Kc7 23. c3 fxe4 24. Bxe4 Bxa2 25. Qh2+ Kb6 26. Rhe1 e5 27. Nxe5 Bd5 28. Qd2 Bxe4 29. Rxe4 Bh8 30. Rg4 Qe7
31. Qf4 Raf8 32. Qe4 Kb5 33. Kc2 Rxg5 34. Qe2+ Kb6 35. Nc4+
1-0

[Event "For those of us in need of yet more practise..."]
[Site "SchemingMind.com"]
[Date "2007.07.13"]
[Round "-"]
[White "loulou19"]
[Black "iain"]
[Result "0-1"]
[WhiteCountry "GBR"]
[BlackCountry "USA"]
[WhiteElo "1503"]
[WhiteRD "76"]
[BlackElo "1520"]
[BlackRD "72"]
[GameID "112713"]

1. d4 d5 2. e3 Nf6 3. c4 g6 4. Nf3 Bg7 5. cxd5 Nxd5 6. Bc4 O-O 7. b3 Bf5 8. Bb2 Nb4 9. Na3 N8c6 10. O-O Na5
11. Bc3 Nbc6 12. b4 Nxc4 13. Nxc4 b5 14. Nce5 Nxe5 15. Nxe5 Qd6 16. Nf3 Be4 17. Nd2 Bd3 18. Re1 e5 19. Nf3 e4 20. Nd2 Qd5
21. h3 f5 22. Qb3 Bc4 23. Qb2 Rfc8 24. f3 Bd3 25. fxe4 fxe4 26. a3 a6 27. Qb3 Qxb3 28. Nxb3 Rf8 29. Nc5 Bc4 30. Nxe4 Rae8
31. Nd2 Bf7 32. Nb3 Bxb3 33. e4 Bc4
0-1

[Event "For those of us in need of yet more practise..."]
[Site "SchemingMind.com"]
[Date "2007.07.13"]
[Round "-"]
[White "rampichino"]
[Black "iain"]
[Result "1-0"]
[WhiteCountry "ITA"]
[BlackCountry "USA"]
[WhiteElo "1581"]
[WhiteRD "56"]
[BlackElo "1470"]
[BlackRD "74"]
[GameID "112817"]

1. e4 d6 2. d4 Nf6 3. Nc3 g6 4. Bg5 Bg7 5. Nf3 O-O 6. Qd2 Kh8 7. O-O-O Nc6 8. e5 dxe5 9. dxe5 Ng4 10. Bb5 Ncxe5
11. Qxd8 f6 12. Nxe5 Nxe5 13. Qd2 fxg5 14. Qxg5 Rxf2 15. Rhf1
1-0

[Event "For those of us in need of yet more practise..."]
[Site "SchemingMind.com"]
[Date "2007.07.15"]
[Round "-"]
[White "rampichino"]
[Black "Hexsaw"]
[Result "1-0"]
[WhiteCountry "ITA"]
[BlackCountry "ENG"]
[WhiteElo "1587"]
[WhiteRD "55"]
[BlackElo "1297"]
[BlackRD "76"]
[GameID "112818"]

1. e4 e5 2. Nf3 Nc6 3. d4 Bd6 4. d5 Nce7 5. Nc3 Nf6 6. Bg5 Rg8 7. Bd3 h6 8. Bxf6 gxf6 9. Qd2 Rg6 10. g3 c6
11. O-O-O cxd5 12. exd5 b6 13. Bxg6 Nxg6 14. Qxh6 Ke7 15. Nh4 Ba6 16. Nf5+ Ke8 17. Nxd6+ Ke7 18. Nf5+ Ke8 19. d6 Nf8 20. Ng7#
1-0

[Event "For those of us in need of yet more practise..."]
[Site "SchemingMind.com"]
[Date "2007.07.13"]
[Round "-"]
[White "rampichino"]
[Black "randy"]
[Result "1-0"]
[WhiteCountry "ITA"]
[BlackCountry "IND"]
[WhiteElo "1522"]
[WhiteRD "67"]
[BlackElo "1322"]
[BlackRD "88"]
[GameID "112819"]

1. e4 e5 2. Nf3 Nc6 3. d4 Bd6 4. d5 Nce7 5. c4 Ng6 6. Nc3 Bb4 7. g3 d6 8. Bd2 Bg4 9. Bg2 Qd7 10. O-O O-O-O
11. a3 Bxc3 12. bxc3 h5 13. Qb3 h4 14. Rab1 b6 15. a4 a5 16. Be3 hxg3 17. fxg3 Bh3 18. c5
1-0

[Event "For those of us in need of yet more practise..."]
[Site "SchemingMind.com"]
[Date "2007.07.13"]
[Round "-"]
[White "rampichino"]
[Black "Queeny"]
[Result "1-0"]
[WhiteCountry "ITA"]
[BlackCountry "ENG"]
[WhiteElo "1581"]
[WhiteRD "56"]
[BlackElo "1477"]
[BlackRD "69"]
[GameID "112820"]

1. e4 e5 2. Nf3 d6 3. d4 Be7 4. dxe5 dxe5 5. Qxd8+ Bxd8 6. Nxe5 f6 7. Nf3 Be6 8. Nc3 Nc6 9. Bb5 Ne7 10. Bf4 O-O
11. O-O-O a6 12. Ba4 Nb4 13. Kb1 b5 14. Bb3 Bxb3 15. cxb3 c5 16. Bd6 Rc8 17. e5 a5 18. Nxb5 c4 19. Bxb4 axb4 20. bxc4 Rxc4
21. Rd7 Rc5 22. Rhd1 Nc6 23. Rb7 Nxe5 24. Nxe5 Rxe5 25. Rdd7 Be7 26. Rxe7 Rxe7 27. Rxe7 Rb8 28. Nd6 Kf8 29. Rf7+ Kg8 30. Rc7 Rd8
31. Rc8 Rxc8 32. Nxc8 Kf8 33. Nd6 Ke7 34. Nc4 Kd7 35. a3 Ke6 36. axb4
1-0

[Event "For those of us in need of yet more practise..."]
[Site "SchemingMind.com"]
[Date "2007.07.13"]
[Round "-"]
[White "rampichino"]
[Black "loulou19"]
[Result "1-0"]
[WhiteCountry "ITA"]
[BlackCountry "GBR"]
[WhiteElo "1370"]
[WhiteRD "47"]
[BlackElo "1503"]
[BlackRD "76"]
[GameID "112821"]

1. e4 e5 2. Nf3 Nc6 3. d4 exd4 4. Nxd4 Nf6 5. Nc3 Bc5 6. Nxc6 bxc6 7. e5 Nd5 8. Nxd5 O-O 9. Ne3 Re8 10. f4 h6
11. Bc4 d6 12. O-O d5 13. Bb3 d4 14. Nc4 Ba6 15. Kh1 Bb5 16. a4 Bxc4 17. Bxc4 Qh4 18. g3 Qh3 19. Qd3 a5 20. c3 Red8
21. Qf3 dxc3 22. bxc3 Rf8 23. Qxc6 Bb6 24. Ba3 Rfd8 25. Rad1 Rxd1 26. Rxd1 Qg4 27. Qxa8+
1-0

[Event "For those of us in need of yet more practise..."]
[Site "SchemingMind.com"]
[Date "2007.07.13"]
[Round "-"]
[White "iain"]
[Black "rampichino"]
[Result "0-1"]
[WhiteCountry "USA"]
[BlackCountry "ITA"]
[WhiteElo "1478"]
[WhiteRD "74"]
[BlackElo "1587"]
[BlackRD "55"]
[GameID "112822"]

1. d4 d5 2. c4 e6 3. Nc3 c5 4. e3 Nf6 5. Nf3 Nc6 6. Be2 Be7 7. O-O O-O 8. cxd5 Nxd5 9. e4 Nxc3 10. bxc3 cxd4
11. Nxd4 Nxd4 12. cxd4 b6 13. a4 Bb7 14. e5 Rc8 15. Ba3 Bxa3 16. Rxa3 Bd5 17. Ba6 Rc7 18. Qd2 Bc4 19. Bxc4 Rxc4 20. Rd1 Qd5
21. f4 Rd8 22. Rd3 Rxa4 23. Qc3 Qc4 24. Qb2 Rb4 25. Qa1 a5 26. Rc3 Qe2 27. g3 h6 28. Re1 Qb2 29. Qxb2 Rxb2 30. Rec1 Rxd4
31. Rc8+ Kh7 32. R8c7 Rdd2 33. Rxf7 Rbc2 34. Rxc2 Rxc2 35. Rd7 a4 36. Rd6 a3 37. Rxb6 a2 38. Ra6 Rc1+ 39. Kg2 a1=Q 40. Rxa1 Rxa1
41. h4 h5 42. Kf3 Kg6 43. Ke4 Ra4+ 44. Ke3 Kf5
0-1

[Event "For those of us in need of yet more practise..."]
[Site "SchemingMind.com"]
[Date "2007.07.16"]
[Round "-"]
[White "Hexsaw"]
[Black "rampichino"]
[Result "0-1"]
[WhiteCountry "ENG"]
[BlackCountry "ITA"]
[WhiteElo "1268"]
[WhiteRD "78"]
[BlackElo "1370"]
[BlackRD "47"]
[GameID "112823"]

1. d4 d5 2. Nf3 Nf6 3. e3 c6 4. Nc3 Bg4 5. Be2 e6 6. O-O Bd6 7. b3 Nbd7 8. Bb2 O-O 9. Re1 Qc7 10. Ne5 Bxe2
11. Qxe2 Nxe5 12. dxe5 Bxe5 13. a4 b5 14. Rad1 b4 15. Qd3 bxc3 16. Bxc3 Bxc3 17. Qxc3 c5 18. f3 Rfc8 19. e4 dxe4 20. fxe4 Rd8
21. e5 Rxd1 22. Rxd1 Nd5 23. Qd3 Qxe5 24. Qb5 Nc3 25. Qc6 Qe3+ 26. Kf1 Qe2+ 27. Kg1 Qxd1+ 28. Kf2 Qe2+ 29. Kg3 Rd8 30. Qxc5 Ne4+
31. Kh4 g5+ 32. Kh3 Qh5#
0-1

[Event "For those of us in need of yet more practise..."]
[Site "SchemingMind.com"]
[Date "2007.07.13"]
[Round "-"]
[White "randy"]
[Black "rampichino"]
[Result "0-1"]
[WhiteCountry "IND"]
[BlackCountry "ITA"]
[WhiteElo "1249"]
[WhiteRD "89"]
[BlackElo "1587"]
[BlackRD "55"]
[GameID "112824"]

1. e4 d5 2. exd5 Qxd5 3. Nc3 Qa5 4. d4 Nf6 5. Bd2 c6 6. Ne4 Qc7 7. Nxf6+ gxf6 8. Bc4 Be6 9. Bxe6 fxe6 10. Nf3 Nd7
11. O-O O-O-O 12. a4 h5 13. b4 Bh6 14. c4 Rdg8 15. b5 Rg4 16. a5 Bxd2 17. Qxd2 Rhg8 18. g3 e5
0-1

[Event "For those of us in need of yet more practise..."]
[Site "SchemingMind.com"]
[Date "2007.07.13"]
[Round "-"]
[White "Queeny"]
[Black "rampichino"]
[Result "0-1"]
[WhiteCountry "ENG"]
[BlackCountry "ITA"]
[WhiteElo "1477"]
[WhiteRD "69"]
[BlackElo "1581"]
[BlackRD "56"]
[GameID "112825"]

1. e4 d5 2. d3 dxe4 3. dxe4 Qxd1+ 4. Kxd1 Nc6 5. Bb5 Bg4+ 6. f3 O-O-O+ 7. Bd2 Bd7 8. Nc3 e6 9. Ke2 Nd4+ 10. Kf2 Nxb5
11. Nge2 Bc5+ 12. Be3 Bxe3+ 13. Kxe3 Ne7 14. a4 Nxc3 15. Nxc3 e5 16. b4 f5 17. a5 fxe4 18. Nxe4 Bf5 19. c4 Bxe4 20. Kxe4 Rd4+
21. Kxe5 Rxc4 22. Rhb1 Nc6+ 23. Kf5 Rxb4 24. Rxb4 Nxb4 25. g4 Rf8+ 26. Ke4 b6 27. axb6 Re8+ 28. Kd4 axb6 29. Ra8+ Kd7 30. Ra4 Nc6+
31. Kd3 Ne5+ 32. Ke2 Nxg4+ 33. Kd2 Nxh2
0-1

[Event "For those of us in need of yet more practise..."]
[Site "SchemingMind.com"]
[Date "2007.07.14"]
[Round "-"]
[White "loulou19"]
[Black "rampichino"]
[Result "0-1"]
[WhiteCountry "GBR"]
[BlackCountry "ITA"]
[WhiteElo "1510"]
[WhiteRD "74"]
[BlackElo "1587"]
[BlackRD "55"]
[GameID "112826"]

1. e4 d5 2. exd5 Qxd5 3. Nc3 Qa5 4. d4 Nf6 5. Nf3 Bf5 6. Bc4 e6 7. Bd2 c6 8. Nd5 Qd8 9. Nxf6+ gxf6 10. O-O Nd7
11. h3 Qc7 12. b3 O-O-O 13. a4 h5 14. b4 Nb6 15. Bb3 Bd6 16. a5 Nd5 17. c4 Nf4 18. c5 Nxh3+ 19. gxh3 Bxh3 20. Re1 Rhg8+
21. Kh1 Bg2+
0-1